Oridinary ethics:anthropology,language and actions / (Record no. 10237)
[ view plain ]
| 000 -LEADER | |
|---|---|
| fixed length control field | 00564nam a2200157 4500 |
| 001 - CONTROL NUMBER | |
| control field | 2061 |
| 005 - DATE AND TIME OF LATEST TRANSACTION | |
| control field | 20250522153729.0 |
| 008 - FIXED-LENGTH DATA ELEMENTS--GENERAL INFORMATION | |
| fixed length control field | 250522b |||||||| |||| 00| 0 eng d |
| 020 ## - INTERNATIONAL STANDARD BOOK NUMBER | |
| International Standard Book Number | 9780823233175 |
| 245 00 - TITLE STATEMENT | |
| Title | Oridinary ethics:anthropology,language and actions / |
| Statement of responsibility, etc. | Lambel,Michael: |
| 260 00 - PUBLICATION, DISTRIBUTION, ETC. | |
| Place of publication, distribution, etc. | New York: |
| Name of publisher, distributor, etc. | Fordham University Press, |
| Date of publication, distribution, etc. | 2010. |
| 300 00 - PHYSICAL DESCRIPTION | |
| Extent | 458 p. |
| 650 00 - SUBJECT ADDED ENTRY--TOPICAL TERM | |
| Topical term or geographic name entry element | Engineering ethics. |
| 856 ## - ELECTRONIC LOCATION AND ACCESS | |
| Uniform Resource Identifier | <a href="http://www.mowhs.gov.bt/wp-content/uploads/2010/11/CodeofConduct_EthicsforEngineers.pdf">http://www.mowhs.gov.bt/wp-content/uploads/2010/11/CodeofConduct_EthicsforEngineers.pdf</a> |
| Link text | Code of conduct and ethics for engineers |
| 942 ## - ADDED ENTRY ELEMENTS (KOHA) | |
| Source of classification or shelving scheme | Dewey Decimal Classification |
| Koha item type | Main |
| Withdrawn status | Lost status | Source of classification or shelving scheme | Damaged status | Not for loan | Home library | Current library | Shelving location | Date acquired | Inventory number | Total Checkouts | Full call number | Barcode | Date last seen | Price effective from | Koha item type | Public note |
|---|---|---|---|---|---|---|---|---|---|---|---|---|---|---|---|---|
| Dewey Decimal Classification | RTC Library | RTC Library | Main opac | 22/05/2025 | 19303 | 303.372 LAM | 30020521 | 22/05/2025 | 22/05/2025 | Main | Donated by Dr.Dolma |